[Event "Seefeld-Casino op 19th"]
[Site "Seefeld/Tirol (5.9.-13.9)"]
[Date "2008.09.12"]
[Round "8.36"]
[White "Verwer, Renzo"]
[Black "Loew, Bernd"]
[Result "1-0"]
[WhiteElo "1522"]
[BlackElo "1498"]
[PlyCount "73"]
[EventDate "2008.09.??"]
[EventType "swiss"]
[EventRounds "9"]
[Source "Ganslmayer"]
[SourceDate "2010.03.14"]
[WhiteTeam "NED(Niederlande)"]
[BlackTeam "Schwalbach SV"]
[WhiteTeamCountry "NED"]

1. e4 b6 2. Nc3 Bb7 3. d4 Nf6 4. e5 Nd5 5. Qg4 e6 6. Nge2 Nb4 7. Kd1 d6 8. a3
N4a6 9. Bg5 Qd7 10. exd6 Bxd6 11. Ng3 Nc6 12. Bb5 f6 13. Bh4 O-O-O 14. Nge4 Bf8
15. Kc1 f5 16. Qe2 Be7 17. Ng5 Nab8 18. Nxe6 Bxh4 19. d5 Rde8 20. Rd1 Qf7 21.
dxc6 Rxe6 22. cxb7+ Kxb7 23. Qf3+ c6 24. Bc4 Rhe8 25. Nb5 Be7 26. a4 Bc5 27. c3
Qf6 28. b4 Bxb4 29. Bxe6 Rxe6 30. Kc2 Bc5 31. a5 g5 32. a6+ Kc8 33. Nxa7+ Kc7
34. Nb5+ Kc8 35. a7 g4 36. Qd3 cxb5 37. Qd8+ 1-0

[Event "Seefeld-Casino op 19th"]
[Site "Seefeld/Tirol (5.9.-13.9)"]
[Date "2008.09.12"]
[Round "8.37"]
[White "Egger, Herbert"]
[Black "Bangert, Ruediger"]
[Result "1-0"]
[WhiteElo "1698"]
[BlackElo "1461"]
[PlyCount "131"]
[EventDate "2008.09.??"]
[EventType "swiss"]
[EventRounds "9"]
[Source "Ganslmayer"]
[SourceDate "2010.03.14"]
[WhiteTeamCountry "NED"]

1. e4 d6 2. d4 Nf6 3. Nc3 g6 4. Nf3 Bg7 5. Bc4 O-O 6. O-O Bg4 7. h3 Bxf3 8.
Qxf3 Nc6 9. Be3 a6 10. a3 e5 11. d5 Ne7 12. Bg5 Nd7 13. Qe2 f5 14. exf5 Rxf5
15. Ne4 Qf8 16. Rab1 Nb6 17. Bxe7 Qxe7 18. Ba2 Kh8 19. c4 Nd7 20. b4 b6 21. Rb3
Bh6 22. Bb1 Rf7 23. Rf3 Raf8 24. Rxf7 Rxf7 25. Rd1 Qf8 26. Qg4 Bg7 27. Qg3 Nf6
28. Ng5 Re7 29. Ne6 Qf7 30. Qh4 Nh5 31. Qe4 Nf4 32. Qf3 Nxe6 33. Qxf7 Rxf7 34.
dxe6 Re7 35. Be4 Rxe6 36. f3 Re7 37. a4 Bh6 38. Kf2 Kg7 39. g4 Bg5 40. b5 a5
41. Ke2 Kf6 42. Kf2 h5 43. Ke2 hxg4 44. fxg4 Rh7 45. Rd3 Rg7 46. Rf3+ Bf4 47.
h4 Kf7 48. Bd5+ Kf8 49. Kd3 Rh7 50. Rh3 Kg7 51. Ke4 Bg5 52. h5 gxh5 53. Rxh5
Rxh5 54. gxh5 Kf6 55. Kf3 Bf4 56. Ke4 Bg5 57. Bc6 Ke7 58. Kf5 Bf4 59. Bd5 Bd2
60. Kg6 e4 61. Bxe4 d5 62. Bxd5 Kd6 63. h6 Kc5 64. h7 Bc3 65. Kf7 Kb4 66. Be4
1-0

[Event "Seefeld-Casino op 19th"]
[Site "Seefeld/Tirol (5.9.-13.9)"]
[Date "2008.09.12"]
[Round "8.38"]
[White "Lettenbichler, Marco"]
[Black "Breedveld-Schut, Carmen"]
[Result "1-0"]
[WhiteElo "1508"]
[BlackElo "1204"]
[PlyCount "101"]
[EventDate "2008.09.??"]
[EventType "swiss"]
[EventRounds "9"]
[Source "Ganslmayer"]
[SourceDate "2010.03.14"]
[WhiteTeamCountry "NED"]

1. e4 e5 2. Nc3 Bc5 3. g3 Nf6 4. Bg2 O-O 5. Nge2 Nc6 6. O-O d6 7. h3 Be6 8. d3
Ne7 9. Kh2 Ng6 10. f4 exf4 11. Nxf4 Bd7 12. Nxg6 fxg6 13. Ne2 h6 14. Bd2 Qe7
15. Nf4 Be8 16. Bc3 g5 17. Bxf6 gxf6 18. Nd5 Qd8 19. Qg4 h5 20. Qf5 Kg7 21.
Rae1 c6 22. Ne3 Bd7 23. Qf3 Rf7 24. Qxh5 Bxe3 25. Rxe3 Qb6 26. Re2 Rh8 27. Qf3
f5 28. exf5 Rxf5 29. Qe3 Qxe3 30. Rxe3 Kg6 31. Be4 g4 32. Bxf5+ Bxf5 33. h4 d5
34. Re5 Bd7 35. Rg5+ Kh6 36. Rf6+ Kh7 37. Rf7+ Kh6 38. Rxd7 Rf8 39. Rxb7 Rf2+
40. Kg1 Rxc2 41. Rxa7 Rc1+ 42. Kf2 Rc2+ 43. Ke3 Rg2 44. Rxg4 c5 45. Ra5 d4+ 46.
Kf3 Rxb2 47. Rxc5 Rxa2 48. Rc6+ Kh7 49. Rd6 Ra8 50. Rdxd4 Rf8+ 51. Rdf4 1-0

[Event "Seefeld-Casino op 19th"]
[Site "Seefeld/Tirol (5.9.-13.9)"]
[Date "2008.09.12"]
[Round "8.39"]
[White "Abraham, Helmut"]
[Black "Bretscher, Robert"]
[Result "0-1"]
[WhiteElo "1352"]
[BlackElo "1546"]
[PlyCount "66"]
[EventDate "2008.09.??"]
[EventType "swiss"]
[EventRounds "9"]
[Source "Ganslmayer"]
[SourceDate "2010.03.14"]
[WhiteTeamCountry "NED"]

1. e4 e5 2. Nc3 Nf6 3. Bc4 Be7 4. f4 d6 5. Nf3 exf4 6. O-O Bg4 7. d3 g5 8. Nd5
Nc6 9. c3 Ne5 10. Nxf6+ Bxf6 11. Bb3 O-O 12. Qe2 Qd7 13. Bd1 Bxf3 14. Rxf3
Nxf3+ 15. Qxf3 c6 16. Qh5 Kg7 17. Bg4 Qe7 18. Bf5 h6 19. Bd2 Qc7 20. Kf1 Qb6
21. Rb1 Qb5 22. Qe2 Rae8 23. h4 Rh8 24. h5 d5 25. Qf3 dxe4 26. Bxe4 Qa4 27. d4
Qxa2 28. Kf2 Qe6 29. Re1 Qd7 30. Kf1 Qd6 31. Ra1 a6 32. Ra4 Qe6 33. Rb4 Qxe4
0-1

[Event "Seefeld-Casino op 19th"]
[Site "Seefeld/Tirol (5.9.-13.9)"]
[Date "2008.09.13"]
[Round "9.1"]
[White "Vrban, Damir"]
[Black "Van der Weide, Karel"]
[Result "0-1"]
[WhiteElo "2207"]
[BlackElo "2415"]
[PlyCount "80"]
[EventDate "2008.09.??"]
[EventType "swiss"]
[EventRounds "9"]
[Source "Ganslmayer"]
[SourceDate "2010.03.14"]
[WhiteTeam "AUT/Absam"]
[BlackTeam "Göggingen SK"]
[WhiteTeamCountry "AUT"]

1. f4 g6 2. Nf3 Bg7 3. g3 Nf6 4. Bg2 c5 5. O-O O-O 6. d3 Nc6 7. Nc3 Rb8 8. a4
a6 9. Nh4 b5 10. axb5 axb5 11. f5 b4 12. Na4 Rb5 13. e4 d6 14. Bg5 Bb7 15. Qd2
Nd4 16. b3 Bc6 17. Nb2 Ra5 18. Nc4 Rxa1 19. Rxa1 Qc7 20. Ra2 Re8 21. Nf3 Nxf3+
22. Bxf3 gxf5 23. Qf4 fxe4 24. dxe4 Qd7 25. Bxf6 Bxf6 26. Bg4 Bd4+ 27. Kf1 f5
28. exf5 Rf8 29. Bh3 Kh8 30. g4 Bb5 31. Ke1 Qb7 32. Bf1 Qh1 33. Ra7 Bc3+ 34.
Kf2 Bd4+ 35. Ke1 Bc3+ 36. Kf2 Be5 37. Qh6 Rf6 38. Qh5 Bd4+ 39. Ke1 Qf3 40. Rxe7
Bc3+ 0-1

[Event "Seefeld-Casino op 19th"]
[Site "Seefeld/Tirol (5.9.-13.9)"]
[Date "2008.09.13"]
[Round "9.2"]
[White "Schnitzspan, Lothar"]
[Black "Mueller, Ralf(03.69)"]
[Result "0-1"]
[WhiteElo "2240"]
[BlackElo "2374"]
[PlyCount "128"]
[EventDate "2008.09.??"]
[EventType "swiss"]
[EventRounds "9"]
[Source "Ganslmayer"]
[SourceDate "2010.03.14"]
[WhiteTeamCountry "AUT"]

1. Nf3 Nf6 2. c4 c5 3. Nc3 Nc6 4. g3 g6 5. Bg2 Bg7 6. O-O O-O 7. d4 cxd4 8.
Nxd4 Nxd4 9. Qxd4 d6 10. Bg5 h6 11. Bxf6 Bxf6 12. Qd2 Bg7 13. Rfd1 Be6 14. Bxb7
Rb8 15. Bd5 Bxd5 16. cxd5 Qa5 17. Rab1 Rfc8 18. Kg2 a6 19. a3 Bxc3 20. bxc3
Rxb1 21. Rxb1 Qxc3 22. Qxh6 Qe5 23. Rb4 Qxd5+ 24. e4 Qe5 25. Qd2 a5 26. Ra4 Rc3
27. Qd5 Qf6 28. e5 dxe5 29. Rxa5 Rc2 30. Qf3 Qe6 31. Ra4 f5 32. Rb4 e4 33. Qe3
Qa2 34. Qa7 Qe6 35. Rb8+ Kf7 36. Qe3 Rc8 37. Rb7 Qd5 38. Qb3 Qxb3 39. Rxb3 Rc2
40. Kg1 Ra2 41. h4 Kf6 42. Rb6+ e6 43. Ra6 e3 44. fxe3 Re2 45. a4 Rxe3 46. Kf2
Ra3 47. a5 Ke5 48. Kg2 Kd5 49. Ra8 e5 50. Ra6 Ra2+ 51. Kh3 e4 52. Rxg6 e3 53.
Rg8 Ke4 54. h5 e2 55. Re8+ Kf3 56. h6 Ra1 57. Kh4 Ra4+ 58. Kg5 Re4 59. Rxe4
Kxe4 60. h7 e1=Q 61. h8=Q Qxg3+ 62. Kh6 Qh4+ 63. Kg7 Qxh8+ 64. Kxh8 Kd5 0-1

[Event "Seefeld-Casino op 19th"]
[Site "Seefeld/Tirol (5.9.-13.9)"]
[Date "2008.09.13"]
[Round "9.3"]
[White "Platzgummer, Fabian"]
[Black "Bronznik, Valeri"]
[Result "1/2-1/2"]
[WhiteElo "2262"]
[BlackElo "2306"]
[PlyCount "97"]
[EventDate "2008.09.??"]
[EventType "swiss"]
[EventRounds "9"]
[Source "Ganslmayer"]
[SourceDate "2010.03.14"]
[WhiteTeam "AUT/Tirol PSV"]
[BlackTeam "Schwegenheim SC"]
[WhiteTeamCountry "AUT"]

1. e4 c5 2. Nf3 Nc6 3. d4 cxd4 4. Nxd4 Nf6 5. Nc3 e5 6. Ndb5 d6 7. Bg5 a6 8.
Na3 b5 9. Bxf6 gxf6 10. Nd5 Bg7 11. c3 f5 12. Nxb5 axb5 13. Bxb5 Bd7 14. exf5
O-O 15. O-O Rb8 16. a4 Kh8 17. Qf3 Qg5 18. Ne3 Rfc8 19. g3 Be8 20. h4 Qd8 21.
Nd5 f6 22. b4 Ne7 23. Bxe8 Qxe8 24. a5 Nxd5 25. Qxd5 Rxc3 26. Qxd6 Qf8 27. Rfd1
Qxd6 28. Rxd6 Bf8 29. Rxf6 Kg7 30. Rb6 Rcc8 31. g4 Rxb6 32. axb6 Rb8 33. Ra7+
Kg8 34. Ra5 Rxb6 35. Rxe5 Rxb4 36. f3 h5 37. Re6 Kf7 38. Rg6 Be7 39. gxh5 Rxh4
40. h6 Bf8 41. Kg2 Bxh6 42. Kg3 Rh1 43. Ra6 Bg7 44. Ra7+ Kf6 45. Ra6+ Kxf5 46.
Ra5+ Kg6 47. Ra6+ Bf6 48. Rb6 Ra1 49. Kg4 1/2-1/2

[Event "Seefeld-Casino op 19th"]
[Site "Seefeld/Tirol (5.9.-13.9)"]
[Date "2008.09.13"]
[Round "9.4"]
[White "Quinn, John M."]
[Black "Herbold, Manfred"]
[Result "1/2-1/2"]
[WhiteElo "2150"]
[BlackElo "2115"]
[PlyCount "28"]
[EventDate "2008.09.??"]
[EventType "swiss"]
[EventRounds "9"]
[Source "Ganslmayer"]
[SourceDate "2010.03.14"]
[WhiteTeamCountry "AUT"]

1. d4 d6 2. c4 e5 3. dxe5 dxe5 4. Qxd8+ Kxd8 5. Nc3 c6 6. Nf3 f6 7. Bd2 Be6 8.
e3 Nd7 9. O-O-O Kc7 10. Kb1 Nc5 11. b4 Nd7 12. Ne4 Nh6 13. Bd3 Be7 14. Bc3 Nb6
1/2-1/2

[Event "Seefeld-Casino op 19th"]
[Site "Seefeld/Tirol (5.9.-13.9)"]
[Date "2008.09.13"]
[Round "9.5"]
[White "Jaenig, Reinhard"]
[Black "Jolowicz, Matias Dr"]
[Result "1-0"]
[WhiteElo "2110"]
[BlackElo "2027"]
[PlyCount "63"]
[EventDate "2008.09.??"]
[EventType "swiss"]
[EventRounds "9"]
[Source "Ganslmayer"]
[SourceDate "2010.03.14"]
[WhiteTeam "Neu-Oelsnitz SV"]
[BlackTeam "Salzgitter SVG"]

1. e4 Nf6 2. e5 Nd5 3. d4 d6 4. c4 Nb6 5. exd6 exd6 6. Nc3 Be7 7. h3 O-O 8. Nf3
Bf6 9. Be3 Nc6 10. Rc1 Re8 11. Be2 Bf5 12. O-O d5 13. c5 Nc4 14. Bxc4 dxc4 15.
d5 Nb4 16. Bd4 Nd3 17. Rc2 Bg6 18. Bxf6 Qxf6 19. Nb5 Re7 20. Qd2 a6 21. Nbd4
Nf4 22. d6 cxd6 23. cxd6 Qxd6 24. Nf5 Qe6 25. Nxe7+ Qxe7 26. Rxc4 Ne2+ 27. Kh1
Rd8 28. Qb4 Qd7 29. Re1 Bd3 30. Ne5 Qf5 31. Nxd3 Qxd3 32. Re4 1-0

[Event "Seefeld-Casino op 19th"]
[Site "Seefeld/Tirol (5.9.-13.9)"]
[Date "2008.09.13"]
[Round "9.6"]
[White "Santl, Anton"]
[Black "Gatterer, Florian"]
[Result "0-1"]
[WhiteElo "2026"]
[BlackElo "2228"]
[PlyCount "114"]
[EventDate "2008.09.??"]
[EventType "swiss"]
[EventRounds "9"]
[Source "Ganslmayer"]
[SourceDate "2010.03.14"]

1. Nf3 Nf6 2. c4 c6 3. Nc3 d5 4. e3 a6 5. d4 b5 6. b3 Bg4 7. Qc2 e6 8. Bd3 Nbd7
9. O-O Be7 10. Ne5 Nxe5 11. dxe5 Nd7 12. f4 g6 13. h3 Bf5 14. e4 dxe4 15. Bxe4
bxc4 16. bxc4 O-O 17. Be3 Nc5 18. Rfd1 Qa5 19. g4 Bxe4 20. Nxe4 Nxe4 21. Qxe4
Bc5 22. Bxc5 Qxc5+ 23. Qd4 Qa5 24. f5 Rad8 25. Qe3 exf5 26. gxf5 Rde8 27. Re1
f6 28. fxg6 Rxe5 29. gxh7+ Kh8 30. Qf2 Rf5 31. Qe3 Qc5 32. Rac1 Kxh7 33. Qxc5
Rxc5 34. Re7+ Kh6 35. Kf2 Rg8 36. Ke3 Rgg5 37. Kd4 Ra5 38. Rc2 Kg6 39. Rc7 c5+
40. Ke4 Ra3 41. h4 Re5+ 42. Kf4 Rh3 43. Rg2+ Kh6 44. Rc6 Rxh4+ 45. Kg3 Kg5 46.
Rc2 f5 47. Rxa6 Re3+ 48. Kg2 f4 49. Rf2 Rg3+ 50. Kf1 f3 51. Ke1 Re4+ 52. Kf1
Rxc4 53. Re6 Rc1+ 54. Re1 Rg1+ 55. Kxg1 Rxe1+ 56. Rf1 Rxf1+ 57. Kxf1 c4 0-1

[Event "Seefeld-Casino op 19th"]
[Site "Seefeld/Tirol (5.9.-13.9)"]
[Date "2008.09.13"]
[Round "9.7"]
[White "Kesik, Klaus-Dieter"]
[Black "Allgaier, Erik"]
[Result "1/2-1/2"]
[WhiteElo "2185"]
[BlackElo "2135"]
[PlyCount "50"]
[EventDate "2008.09.??"]
[EventType "swiss"]
[EventRounds "9"]
[Source "Ganslmayer"]
[SourceDate "2010.03.14"]
[WhiteTeam "Hoyerswerda SC"]
[BlackTeam "Helmholtz BVG"]

1. d4 g6 2. c4 d6 3. e4 Bg7 4. Nc3 e5 5. d5 f5 6. exf5 gxf5 7. Qh5+ Kf8 8. g3
Nf6 9. Qd1 a5 10. Bg2 Kf7 11. f4 Re8 12. Nge2 e4 13. O-O c5 14. dxc6 bxc6 15.
h3 h5 16. Be3 Be6 17. Nd4 Bd7 18. Qb3 Na6 19. Rad1 Nc5 20. Nxc6 Nxb3 21. Nxd8+
Rexd8 22. axb3 Bc6 23. Rd2 Ke6 24. Ra1 Rdb8 25. Rad1 Bf8 1/2-1/2

[Event "Seefeld-Casino op 19th"]
[Site "Seefeld/Tirol (5.9.-13.9)"]
[Date "2008.09.13"]
[Round "9.8"]
[White "Schmidt, Wolfgang(50)"]
[Black "Ballon, Guenther Jan"]
[Result "1/2-1/2"]
[WhiteElo "2023"]
[BlackElo "1999"]
[PlyCount "49"]
[EventDate "2008.09.??"]
[EventType "swiss"]
[EventRounds "9"]
[Source "Ganslmayer"]
[SourceDate "2010.03.14"]

1. e4 c5 2. Nf3 e6 3. d4 cxd4 4. Nxd4 Nf6 5. Nc3 Nc6 6. Ndb5 Bb4 7. Bf4 Nxe4 8.
Qf3 d5 9. Nc7+ Kf8 10. O-O-O Bxc3 11. bxc3 g5 12. Bg3 Nxg3 13. Qxg3 Rb8 14. Bb5
Bd7 15. Nxd5 Rc8 16. Bxc6 Bxc6 17. Qe5 Bxd5 18. Qxh8+ Ke7 19. Qxd8+ Kxd8 20.
Kb2 Ke7 21. f3 f5 22. Rd4 h5 23. h4 g4 24. c4 Bc6 25. fxg4 1/2-1/2

[Event "Seefeld-Casino op 19th"]
[Site "Seefeld/Tirol (5.9.-13.9)"]
[Date "2008.09.13"]
[Round "9.9"]
[White "Knechtel, Roland"]
[Black "Meertens, Martin"]
[Result "1/2-1/2"]
[WhiteElo "2169"]
[BlackElo "2059"]
[PlyCount "71"]
[EventDate "2008.09.??"]
[EventType "swiss"]
[EventRounds "9"]
[Source "Ganslmayer"]
[SourceDate "2010.03.14"]

1. d4 d5 2. c4 c6 3. Nc3 Nf6 4. Bg5 dxc4 5. Bxf6 exf6 6. e3 Be6 7. a4 Nd7 8.
Nf3 a6 9. a5 b5 10. axb6 Nxb6 11. Be2 Bb4 12. O-O Bxc3 13. bxc3 O-O 14. Ra5 c5
15. dxc5 Nd7 16. Qa4 Qc7 17. Qa3 Rfc8 18. Rxa6 Rxa6 19. Qxa6 Nxc5 20. Qa3 Rb8
21. Nd4 Bd5 22. Rd1 Ra8 23. Qb2 Rb8 24. Qc1 g6 25. h3 Ra8 26. Nb5 Qc6 27. Rxd5
Nb3 28. Qb2 Ra1+ 29. Rd1 Rxd1+ 30. Bxd1 Qxb5 31. Be2 Qd5 32. f3 Kg7 33. Kf2 h5
34. Qa2 h4 35. Qa6 Qe5 36. f4 1/2-1/2

[Event "Seefeld-Casino op 19th"]
[Site "Seefeld/Tirol (5.9.-13.9)"]
[Date "2008.09.13"]
[Round "9.10"]
[White "Goy, Udo"]
[Black "Gatterer, Matthias"]
[Result "1-0"]
[WhiteElo "2143"]
[BlackElo "2081"]
[PlyCount "79"]
[EventDate "2008.09.??"]
[EventType "swiss"]
[EventRounds "9"]
[Source "Ganslmayer"]
[SourceDate "2010.03.14"]

1. d4 d5 2. Nf3 Nf6 3. c4 e6 4. Nc3 Be7 5. Bg5 Nbd7 6. e3 O-O 7. Qc2 c5 8. cxd5
Nxd5 9. Bxe7 Qxe7 10. Nxd5 exd5 11. Bd3 g6 12. dxc5 Nxc5 13. O-O Bg4 14. Nd4
Ne6 15. Qa4 Nxd4 16. Qxd4 Be6 17. Rac1 a6 18. Rc5 Rac8 19. Rfc1 Rxc5 20. Rxc5
Qd7 21. h4 h5 22. a3 Rc8 23. b4 Rxc5 24. bxc5 Bf5 25. Be2 Qc6 26. Bd1 Qe6 27.
Bb3 Qe7 28. Bxd5 Bg4 29. g3 Qc7 30. Kg2 Bc8 31. Qf6 Bf5 32. e4 Bxe4+ 33. Bxe4
Qxc5 34. Bxb7 a5 35. a4 Kf8 36. Qd8+ Kg7 37. Bd5 Qa7 38. Qa8 Qc5 39. Qb7 Qf8
40. Qc7 1-0

[Event "Seefeld-Casino op 19th"]
[Site "Seefeld/Tirol (5.9.-13.9)"]
[Date "2008.09.13"]
[Round "9.11"]
[White "Jandke, Manfred"]
[Black "Voss, Ingo"]
[Result "1-0"]
[WhiteElo "2119"]
[BlackElo "2019"]
[PlyCount "83"]
[EventDate "2008.09.??"]
[EventType "swiss"]
[EventRounds "9"]
[Source "Ganslmayer"]
[SourceDate "2010.03.14"]

1. Nf3 d5 2. d4 Bf5 3. c4 e6 4. Qb3 Nc6 5. Bd2 Rb8 6. e3 Nf6 7. cxd5 exd5 8.
Nc3 Be7 9. Ne5 O-O 10. Be2 Bd6 11. f4 Bxe5 12. fxe5 Ne4 13. Qxd5 Nb4 14. Qxd8
Nc2+ 15. Kd1 Nf2+ 16. Kc1 Rbxd8 17. Rf1 Nxa1 18. Rxf2 Bg6 19. h4 h6 20. h5 Bh7
21. Bd1 c5 22. Rf4 cxd4 23. exd4 Rc8 24. b3 b5 25. Kb2 Nc2 26. Nxb5 Rb8 27. Be2
a5 28. Bxa5 Ne3 29. Rf2 Rfc8 30. Nc3 Ra8 31. Bb6 Nd5 32. Bc5 Nxc3 33. Kxc3 Rxa2
34. b4 Rc2+ 35. Kb3 Ra8 36. d5 Raa2 37. d6 Rab2+ 38. Ka4 Be4 39. Kb5 Rd2 40.
Bf3 Bf5 41. Rxd2 Rxd2 42. Kc6 1-0

[Event "Seefeld-Casino op 19th"]
[Site "Seefeld/Tirol (5.9.-13.9)"]
[Date "2008.09.13"]
[Round "9.12"]
[White "Pregl, Walter"]
[Black "Thoeny, Hermann"]
[Result "1-0"]
[WhiteElo "2257"]
[BlackElo "1920"]
[PlyCount "97"]
[EventDate "2008.09.??"]
[EventType "swiss"]
[EventRounds "9"]
[Source "Ganslmayer"]
[SourceDate "2010.03.14"]

1. e4 e6 2. d3 d5 3. Nd2 c5 4. Ngf3 Nc6 5. c3 Bd6 6. g3 Nge7 7. Bg2 O-O 8. O-O
b5 9. Re1 Bc7 10. e5 Ng6 11. d4 cxd4 12. cxd4 Bb6 13. Nb3 a5 14. Bg5 Nge7 15.
Rc1 Qd7 16. Nc5 Qa7 17. Re2 a4 18. Qd2 Rb8 19. Bf6 Ng6 20. h4 h6 21. h5 Nge7
22. g4 Bd8 23. Bh4 Kh8 24. Bh3 Ng8 25. g5 Nce7 26. Kh1 Nf5 27. Bxf5 exf5 28.
Rg1 Rb6 29. e6 Bxe6 30. Ne5 Be7 31. f3 Bc8 32. Rh2 Qc7 33. g6 Bxh4 34. Rxh4 f6
35. Nf7+ Rxf7 36. gxf7 Qxf7 37. Rh2 Ne7 38. Re1 Nc6 39. Qf4 Na5 40. b3 axb3 41.
axb3 b4 42. Qe3 Bd7 43. Qe7 Qxe7 44. Rxe7 Bb5 45. Rg2 Bf1 46. Rgxg7 Nc6 47.
Rh7+ Kg8 48. Reg7+ Kf8 49. Nd7+ 1-0

[Event "Seefeld-Casino op 19th"]
[Site "Seefeld/Tirol (5.9.-13.9)"]
[Date "2008.09.13"]
[Round "9.13"]
[White "Breedveld, Andre"]
[Black "Gerhards, Walter"]
[Result "1-0"]
[WhiteElo "2139"]
[BlackElo "1849"]
[PlyCount "41"]
[EventDate "2008.09.??"]
[EventType "swiss"]
[EventRounds "9"]
[Source "Ganslmayer"]
[SourceDate "2010.03.14"]

1. d4 Nf6 2. Nf3 e6 3. Bf4 c5 4. e3 Be7 5. h3 O-O 6. Nbd2 Nc6 7. c3 b6 8. Bd3
d5 9. Ne5 Bb7 10. h4 Nd7 11. Ndf3 f6 12. Ng5 fxe5 13. Bxh7+ Kh8 14. Bg6 Kg8 15.
Qh5 Nf6 16. Bf7+ Rxf7 17. Qxf7+ Kh8 18. dxe5 Nh7 19. Qh5 Bxg5 20. hxg5 Qg8 21.
g6 1-0

[Event "Seefeld-Casino op 19th"]
[Site "Seefeld/Tirol (5.9.-13.9)"]
[Date "2008.09.13"]
[Round "9.14"]
[White "Klein, Gereon"]
[Black "Fahnenschmidt, Gerhard Dr"]
[Result "1/2-1/2"]
[WhiteElo "1846"]
[BlackElo "1883"]
[PlyCount "125"]
[EventDate "2008.09.??"]
[EventType "swiss"]
[EventRounds "9"]
[Source "Ganslmayer"]
[SourceDate "2010.03.14"]

1. Nf3 c5 2. c4 Nf6 3. Nc3 Nc6 4. d4 cxd4 5. Nxd4 g6 6. e4 Bg7 7. Be3 O-O 8.
Be2 d6 9. O-O Nxd4 10. Bxd4 Be6 11. Qd2 Qa5 12. Rfd1 Rfc8 13. b3 a6 14. f3 b5
15. cxb5 axb5 16. Nxb5 Qxd2 17. Rxd2 Nd7 18. Bxg7 Kxg7 19. Nd4 Nc5 20. Nxe6+
fxe6 21. Bc4 Kf6 22. Kf2 Ra3 23. Re1 Rca8 24. Ree2 e5 25. h4 Ne6 26. Bxe6 Kxe6
27. Rc2 h5 28. Red2 g5 29. hxg5 Rg8 30. b4 Rb8 31. Rb2 Rb5 32. Rd5 Rb8 33. b5
Rb6 34. Kg3 Ra8 35. Kh4 Rh8 36. a4 Ra8 37. Ra2 Kf7 38. a5 Rbb8 39. Kxh5 Rh8+
40. Kg4 Rh1 41. a6 Rb1 42. a7 Ke8 43. g6 Kd7 44. Ra5 Rb2 45. g3 Kc7 46. Rd3 Kb6
47. Raa3 Rxb5 48. Rdb3 e6 49. Rxb5+ Kxb5 50. Kg5 d5 51. Kf6 Kb4 52. Ra1 d4 53.
Kf7 d3 54. Kxe6 d2 55. Kxe5 Rxa7 56. Rd1 Kc3 57. f4 Kc2 58. Rxd2+ Kxd2 59. f5
Ke3 60. f6 Ra5+ 61. Ke6 Rg5 62. g7 Kxe4 63. Kf7 1/2-1/2

[Event "Seefeld-Casino op 19th"]
[Site "Seefeld/Tirol (5.9.-13.9)"]
[Date "2008.09.13"]
[Round "9.17"]
[White "Schnegg, Daniel"]
[Black "Lins, Philipp"]
[Result "1-0"]
[WhiteElo "1985"]
[BlackElo "2008"]
[PlyCount "91"]
[EventDate "2008.09.??"]
[EventType "swiss"]
[EventRounds "9"]
[Source "Ganslmayer"]
[SourceDate "2010.03.14"]
[WhiteTeam "AUT/Landeck"]
[BlackTeam "AUT/Innsbruck"]
[WhiteTeamCountry "AUT"]
[BlackTeamCountry "AUT"]

1. e4 d6 2. d4 Nf6 3. Nc3 c6 4. f4 Qa5 5. e5 Ne4 6. Bd2 Nxd2 7. Qxd2 d5 8. Bd3
g6 9. Nge2 Na6 10. O-O e6 11. a3 b5 12. b4 Qb6 13. g4 h5 14. h3 hxg4 15. hxg4
Rh4 16. Kg2 Bd7 17. Kg3 Be7 18. g5 Rh8 19. Nd1 Nc7 20. c3 a5 21. Nf2 a4 22. Rh1
O-O-O 23. Ng4 Na8 24. Qc2 Rdf8 25. Nh6 Qd8 26. Rag1 Be8 27. Rg2 Nb6 28. Ng1 Nc4
29. Bxc4 dxc4 30. Nh3 Qd5 31. Qe2 Rh7 32. Ng1 Rfh8 33. Rh3 Bf8 34. Rgh2 Qd7 35.
Nf3 Kb7 36. Qg2 Rg7 37. Nd2 Qd5 38. Ne4 Be7 39. Ng4 Rxh3+ 40. Rxh3 Bd7 41. Rh8
c5 42. Ngf6 Qc6 43. Nxd7 cxb4 44. Nec5+ Bxc5 45. Rb8+ Kc7 46. Rc8+ 1-0

[Event "Seefeld-Casino op 19th"]
[Site "Seefeld/Tirol (5.9.-13.9)"]
[Date "2008.09.13"]
[Round "9.18"]
[White "Kaye, Ferdinand"]
[Black "Fischer, Gerd(59)"]
[Result "1/2-1/2"]
[WhiteElo "2042"]
[BlackElo "1846"]
[PlyCount "59"]
[EventDate "2008.09.??"]
[EventType "swiss"]
[EventRounds "9"]
[Source "Ganslmayer"]
[SourceDate "2010.03.14"]
[WhiteTeamCountry "AUT"]
[BlackTeamCountry "AUT"]

1. Nf3 d5 2. c4 c6 3. d4 e6 4. g3 Bd6 5. Bg2 f5 6. O-O Nf6 7. Nc3 O-O 8. Qc2
Qe8 9. Rb1 Nbd7 10. b4 Ne4 11. b5 Qd8 12. bxc6 bxc6 13. cxd5 Nxc3 14. Qxc3 cxd5
15. Qc6 Qc7 16. Qxc7 Bxc7 17. Ba3 Re8 18. Rfc1 Bb6 19. Bc5 Ba6 20. Bf1 Bc4 21.
Nd2 Nxc5 22. dxc5 Bxc5 23. Nxc4 dxc4 24. e3 Bb6 25. Bxc4 Kf7 26. Rc2 Red8 27.
Rbc1 Rd6 28. Bb3 Rad8 29. Kg2 Kf6 30. Rc6 1/2-1/2

[Event "Seefeld-Casino op 19th"]
[Site "Seefeld/Tirol (5.9.-13.9)"]
[Date "2008.09.13"]
[Round "9.19"]
[White "Becker, Wolfgang(11.58)"]
[Black "Erhart, Uwe"]
[Result "1/2-1/2"]
[WhiteElo "1778"]
[BlackElo "1954"]
[PlyCount "88"]
[EventDate "2008.09.??"]
[EventType "swiss"]
[EventRounds "9"]
[Source "Ganslmayer"]
[SourceDate "2010.03.14"]
[WhiteTeamCountry "AUT"]
[BlackTeamCountry "AUT"]

1. e4 c5 2. Nc3 Nc6 3. f4 e6 4. Nf3 d5 5. e5 Nge7 6. Bb5 Qb6 7. d4 Bd7 8. dxc5
Qxc5 9. Qe2 Nd4 10. Bxd7+ Kxd7 11. Nxd4 Qxd4 12. Qb5+ Kc7 13. Bd2 Nc6 14. O-O-O
a6 15. Qe2 Qb6 16. f5 Nd4 17. Qh5 g6 18. fxg6 fxg6 19. Qg5 Nf5 20. Qg4 Be7 21.
Bf4 Rae8 22. Rhe1 Qb4 23. Rxd5 Rd8 24. Re4 Qxe4 25. Rc5+ Qc6 26. Rxc6+ Kxc6 27.
Qf3+ Kc7 28. Ne4 Rd5 29. g4 Nd4 30. Qe3 Nc6 31. Nf6 Bxf6 32. exf6+ e5 33. Bh6
Rhd8 34. b3 R8d7 35. Qf3 Nd8 36. Qh3 Nf7 37. Be3 Nd8 38. Bh6 Nf7 39. Bf8 e4 40.
Bh6 g5 41. Bf8 b6 42. Qe3 Re5 43. Bb4 Re6 44. a4 a5 1/2-1/2

[Event "Seefeld-Casino op 19th"]
[Site "Seefeld/Tirol (5.9.-13.9)"]
[Date "2008.09.13"]
[Round "9.20"]
[White "Platzgummer, Peter"]
[Black "Schulze, Joachim"]
[Result "1/2-1/2"]
[WhiteElo "1960"]
[BlackElo "1981"]
[PlyCount "51"]
[EventDate "2008.09.??"]
[EventType "swiss"]
[EventRounds "9"]
[Source "Ganslmayer"]
[SourceDate "2010.03.14"]
[WhiteTeamCountry "AUT"]
[BlackTeamCountry "AUT"]

1. e4 c6 2. d4 d5 3. Nc3 dxe4 4. Nxe4 Bf5 5. Ng3 Bg6 6. Nf3 Nd7 7. h4 h6 8. h5
Bh7 9. Bd3 Bxd3 10. Qxd3 Ngf6 11. Bf4 Qa5+ 12. Bd2 Qc7 13. O-O-O e6 14. Ne4
Nxe4 15. Qxe4 Nf6 16. Qe2 O-O-O 17. g3 Nd5 18. c4 Nb6 19. b3 c5 20. Bc3 cxd4
21. Nxd4 Ba3+ 22. Kb1 a6 23. Nc2 Bf8 24. Rxd8+ Qxd8 25. Rd1 Qg5 26. Qe5 1/2-1/2